00582nam a2200145 a 450000100100000000500170001000800410002704000250006811000540009324501080014726000730025530000200032850000550034870000330040300002891120240229073823.0110412s2008 dr 000 0 spa d aDO-SdBNPbspacBNPHU1 aRepública DominicanabSuprema Corte de Justicia00aPolítica de igualdad de género del Poder Judicial Dominicano /cpresentación Jorge A. Subero Isa. aSanto Domingo :bSuprema Corte de Justicia,c2008fEditorial Margraf a45 p. ;c22 cm. aLa biblioteca posee la reimpresiones del 2008-20111 aSubero Isa, Jorge A.,d1947-